Anuarul : Institutului de Istorie si Arheologie "A.D. Xenopol" /

Anuario del Institutului de Istorie si Arheologie "A.D. Xenopol", que publica los trabajos que se realizaron durante el año referentes a la historia de Rumania y Moldavia, principalmente.

Na minha lista:
Detalhes bibliográficos
Formato: Livro
Idioma:francês
Assuntos:
Tags: Adicionar Tag
Sem tags, seja o primeiro a adicionar uma tag!

MARC

LEADER 00000nam^a2200000^a^4500
001 000136786
005 20250521000000.0
009 20260310095329.897
037 |a Acervo ITESO - Biblioteca 
041 |a FRA 
082 |a 949. 8005  |b ANU 1972 
240 1 1 |a [Anuarul] 
245 0 0 |a Anuarul :  |b Institutului de Istorie si Arheologie "A.D. Xenopol" / 
264 |a Bucarest, Rumania :  |b Academiei Republicii Socialiste România,  |c 1972 
300 |a XV, 660 p. 
336 |a texto  |b txt  |2 rdacontenido 
337 |a sin mediación  |b n  |2 rdamedio 
338 |a volumen  |b nc  |2 rdasoporte 
520 |a Anuario del Institutului de Istorie si Arheologie "A.D. Xenopol", que publica los trabajos que se realizaron durante el año referentes a la historia de Rumania y Moldavia, principalmente. 
546 |a Edición bilingüe francés-rumano 
649 |a XX 
650 |a Rumania -  |x Historia -  |x Publicaciones Periódicas 
650 |a Moldavia -  |x Historia -  |x Publicaciones Periódicas 
650 |a Sal -  |z Moldavia -  |x Industria y Comercio 
650 |a Unificación Política 
650 |a Relaciones Internacionales -  |z Moldavia -  |x Historia 
650 |a Diplomacia -  |z Moldavia -  |x Historia 
650 |a Comercio -  |z Rumania -  |x Historia 
650 |a Relaciones Internacionales -  |z Polonia-Turquía -  |x Historia 
650 |a Historiografía -  |z Rumania 
650 |a Agrarismo -  |z Rumania 
650 |a Reforma Agraria -  |z Rumania -  |x Historia 
650 |a Partidos Políticos -  |z Rumania 
650 |a Economía -  |z Rumania -  |x Historia 
650 |a Derecho Internacional -  |z Rumania 
910 |a Fondo Salvador Reynoso Reynoso 
920 |a Impresos - Libros 
930 |a Fondos Especiales 
905 |a 112 
901 |a 0800013907  |b IT2  |c ESP  |u 20250521 
902 |a https://opac.biblio.iteso.mx/vufind/Record/000136786